| 000 | 00550nam a22001817a 4500 | ||
|---|---|---|---|
| 999 |
_c184014 _d184014 |
||
| 005 | 20220110155722.0 | ||
| 010 | _aENG-131061 | ||
| 020 |
_a978-93-52-838-639 _c400.00 |
||
| 035 | _aEN-114593 | ||
| 037 | _bDBAD | ||
| 082 | _a650 | ||
| 100 | _aWason, V. | ||
| 245 |
_aTextbook of Business Studies: _cV. Wason _bIncorporates/ |
||
| 260 |
_aNew Delhi _bS Chand School Books _c2013 |
||
| 270 |
_bNew Delhi _aA-27, 2nd Floor, Mohan Co-operative Industrial Estate _e110044 |
||
| 300 |
_a254p. _c24cm(pbk) |
||
| 942 |
_2ddc _cEN _h650 _mWAS |
||